Statistics for England Based Foreign World Cup Players

Click here to take the quiz!

General Stats

  • This quiz has been taken 754 times
    (749 since last reset)
  • The average score is 39 of 93

Answer Stats

Club Country Player % Correct
ChelseaBrazilOscar
84%
Norwich CityHollandLeroy Fer
79%
ChelseaBrazilDavid Luiz
77%
Man UtdMexicoJavier Hernandez
77%
ChelseaBrazilWillian
77%
Man CityArgentinaSergio Aguero
71%
ArsenalGermanyMesut Ozil
70%
ChelseaBelgiumEden Hazard
70%
LiverpoolUruguayLuis Suarez
69%
Man UtdHollandRobin Van Persie
69%
Man CityBrazilFernandinho
69%
Man CityIvory CoastYaya Toure
68%
Man UtdSpainJuan Mata
67%
TottenhamBrazilPaulinho
66%
Man CitySpainDavid Silva
66%
Man UtdJapanShinji Kagawa
65%
Man UtdEcuadorAntonio Valencia
64%
LiverpoolIvory CoastKolo Toure
64%
Man CityBosniaEdin Dzeko
64%
ChelseaBrazilRamires
63%
ArsenalGermanyPer Mertesacker
62%
ChelseaCameroonSamuel Eto'o
62%
EvertonUSATim Howard
62%
Man CityBelgiumVincent Kompany
61%
Man UtdBelgiumMarouane Fellaini
60%
Man UtdPortugalNani
59%
ArsenalFranceOlivier Giroud
58%
ArsenalSpainSanti Cazorla
57%
Man UtdSpainDavid De Gea
56%
Man CityArgentinaPablo Zabaleta
56%
ChelseaNigeriaJohn Obi Mikel
53%
ChelseaBelgiumRomelu Lukaku
53%
ChelseaSpainFernando Torres
52%
Swansea CityIvory CoastWilfried Bony
52%
TottenhamFranceHugo Lloris
51%
ArsenalGermanyLukas Podolski
51%
Aston VillaHollandRon Vlaar
50%
ArsenalFranceLaurent Koscielny
49%
TottenhamBelgiumJan Vertonghen
48%
Crystal PalaceAustraliaMile Jedinak
47%
Man UtdFrancePatrice Evra
46%
NewcastleFranceMoussa Sissoko
44%
EvertonBelgiumKevin Mirallas
44%
LiverpoolFranceMamadou Sakho
44%
Newcastle UtdHollandTim Krul
43%
LiverpoolBelgiumSimon Mignolet
43%
TottenhamBelgiumMoussa Dembele
42%
ChelseaBelgiumThibaut Courtois
42%
Stoke CityHondurasWilson Palacios
42%
Aston VillaUSABrad Guzan
42%
ChelseaSpainCesar Azpilicueta
42%
Cardiff CityChileGary Medel
41%
SouthamptonJapanMaya Yoshida
40%
QPRFranceLoic Remy
40%
TottenhamCameroonBenoit Assou-Ekotto
40%
ArsenalBelgiumThomas Vermaelen
39%
NewcastleFranceMathieu Debuchy
38%
SouthamptonUruguayGaston Ramirez
38%
StokeBosniaAsmir Begovic
38%
TottenhamBelgiumNacer Chadli
36%
Man UtdBelgiumAdnan Januzaj
35%
Swansea CityHollandMichel Vorm
34%
Swansea CityHollandJonathan De Guzman
34%
SunderlandUSAJozy Altidore
34%
ArsenalFranceBacary Sagna
34%
Man CityArgentinaMartin Demichelis
33%
ChelseaNigeriaVictor Moses
33%
TottenhamAlgeriaNabil Bentaleb
32%
StokeUSAGeoff Cameron
31%
LeicesterAlgeriaRiyad Mahrez
31%
LiverpoolSpainPepe Reina
29%
Hull CityHondurasMaynor Figueroa
27%
FulhamGreeceGiorgios Karagounis
23%
West BromUruguayDiego Lugano
20%
QPRCameroonStephane Mbia
20%
FulhamGreeceKostas Mitroglou
20%
StokeNigeriaPeter Odemwingie
16%
NewcastleNigeriaShola Ameobi
15%
Nottingham ForestChileGonzalo Jara
14%
West HamColumbiaPablo Armero
13%
Swindon TownAustraliaMassimo Luongo
11%
ArsenalSouth KoreaPark Chu-Young
10%
MiddlesboroughGhanaAlbert Adomah
8%
Norwich CityNigeriaJoseph Yobo
8%
Newcastle UtdAustraliaCurtis Good
7%
BoltonSouth KoreaLee Chung-Yong
6%
Preston North EndAustraliaBailey Wright
5%
MiddlesboroughNigeriaKenneth Omeruo
5%
WiganHondurasJuan Carlos Garcia
5%
SwanseaSouth KoreaKi Sung-Yueng
4%
CharltonIranReza Ghoochannejhad
3%
QPRSouth KoreaYun Suk-Young
3%
CardiffSouth KoreaKim Bo-Kyung
3%

Score Distribution

Percentile by Number Answered

Percent of People with Each Score

Your Score History

You have not taken this quiz since the last reset